Tax Expenditures : Relationships to Spending Programs and Background Material on Individual Provisions.

Compilation, prepared by committee staff, CRS, CBO, and GAO, of background information on tax expenditures.

Bibliographic Details
Corporate Authors: Library of Congress. Congressional Research Service, ProQuest (Firm)
Format: Government Document eBook
Language:English
Published: [Place of publication not identified] : [publisher not identified], 1978.
Series:U.S. Congressional Research.
Subjects:
Online Access:Connect to the full text of this electronic book

MARC

Tag First Indicator Second Indicator Subfields
LEADER 00000cam a22000001a 4500
001 in00003352021
006 m d f
007 cr bn mmmapmmp
008 100609s1978 dcu o f000 0 eng d
005 20260429183016.8
035 |a cis2007876123 
040 |a ProQuest  |c ProQuest  |d UtOrBLW 
043 |a n-us--- 
086 0 |a Y 4.B 85/2:T 19/3 
099 |a CRS-1978-CRS-0019 
110 2 |a Library of Congress.  |b Congressional Research Service. 
245 1 0 |a Tax Expenditures :  |b Relationships to Spending Programs and Background Material on Individual Provisions. 
264 1 |a [Place of publication not identified] :  |b [publisher not identified],  |c 1978. 
300 |a 1 online resource. 
336 |a text  |b txt  |2 rdacontent 
337 |a computer  |b c  |2 rdamedia 
338 |a online resource  |b cr  |2 rdacarrier 
500 |a Record is based on bibliographic data in ProQuest U.S. Congressional Research Digital Collection (last viewed June 2010). Reuse except for individual research requires license from ProQuest, LLC. 
500 |a CRS Report. 
520 |a Compilation, prepared by committee staff, CRS, CBO, and GAO, of background information on tax expenditures. 
520 |a Part I (p. 1-198) contains basic information on 84 Federal income tax provisions currently treated as tax expenditures. Each tax expenditure item is arranged according to major budget functions and accompanied by the following explanatory data: 
520 |a Part II (p. 199-358) compares 17 tax expenditures areas with related direct spending programs, giving the following information: 
500 |a Electronic resource. 
610 2 0 |a Library of Congress.  |b Congressional Research Service. 
610 1 0 |a United States.  |b General Accounting Office. 
650 0 |a Tax incentives. 
655 7 |a Electronic books.  |2 local 
710 2 |a ProQuest (Firm) 
776 0 8 |i Microfiche version:   |a Library of Congress. Congressional Research Service.  |t Tax Expenditures:.  |o 78-S252-12 
830 0 |a U.S. Congressional Research. 
856 4 0 |u http://proxy.library.tamu.edu/login?url=https://congressional.proquest.com/congcomp/getdoc?CRDC-ID=CRS-1978-CRS-0019  |z Connect to the full text of this electronic book  |t 0 
999 |a MARS 
999 f f |s 580fb506-71e1-30f0-a905-ba45a1651679  |i 162c6c21-8d68-3dd9-90c2-4eab7504fbb2  |t 0 
952 f f |a Texas A&M University  |b College Station  |c Electronic Resources  |s www_evans  |d Available Online  |t 0  |e CRS-1978-CRS-0019  |h Other scheme 
998 f f |a CRS-1978-CRS-0019  |t 0  |l Available Online